Central Library OPAC University of Rajshahi

Economic considerations : (Record no. 43679)

MARC details
000 -LEADER
fixed length control field 00630nam a2200205 a 4500
001 - CONTROL NUMBER
control field 43679
003 - CONTROL NUMBER IDENTIFIER
rucl marc code BD-RjUL
005 - DATE AND TIME OF LATEST TRANSACTION
control field 20211209053732.0
008 - FIXED-LENGTH DATA ELEMENTS--GENERAL INFORMATION
fixed length control field 160626s1994 w a|||| |||| 00| 0 eng d
035 ## - SYSTEM CONTROL NUMBER
System control number (BD-RjUL)43797
040 ## - CATALOGING SOURCE
Original cataloging agency BD-RjUL
Language of cataloging eng
Transcribing agency BD-RjUL
041 ## - LANGUAGE CODE
Language code of text/sound track or separate title eng
082 ## - DEWEY DECIMAL CLASSIFICATION NUMBER
Classification number 330
Author mark and year ECO 1994
245 10 - TITLE STATEMENT
Title Economic considerations :
Remainder of title english through content : applied economics /
Statement of responsibility, etc. Thomas Kral Editor
260 ## - PUBLICATION, DISTRIBUTION, ETC. (IMPRINT)
Place of publication, distribution, etc. Washington :
Name of publisher, distributor, etc. Materials Development ans Review Barnce,
Date of publication, distribution, etc. 1994
300 ## - PHYSICAL DESCRIPTION
Pagination viii, 135 p. :
Illustrations ill. ;
Size 26 cm.
650 ## - SUBJECT ADDED ENTRY--TOPICAL TERM
Topical term or geographic name as entry element Economics
9 (RLIN) 134216
700 ## - ADDED ENTRY--PERSONAL NAME
Personal name Kral, Thomas, Editor
942 ## - ADDED ENTRY ELEMENTS (KOHA)
Source of classification or shelving scheme Dewey Decimal Classification
Koha item type Books
Holdings
Lost status Source of classification or shelving scheme Damaged status Not for loan Collection code Permanent Location Current Location Shelving location Date acquired Total Checkouts Full call number Date last seen Copy number Koha item type
  Dewey Decimal Classification     Non-fiction Central Library, University of Rajshahi Central Library, University of Rajshahi   30/11/1996   330 ECO 1994 26/06/2016 C-2 Books